| 000 | 00880ntaaa2200241 4500 | ||
|---|---|---|---|
| 003 | 01 | ||
| 005 | 20251027203334.0 | ||
| 008 | 0714s1973 ag 01 | ||
| 040 |
_aAR-BaBN _bspa _cAR-BaBN _eaacr _dRIC |
||
| 100 |
_aEspinoza Arnez, María Elfy _937168 |
||
| 245 |
_aLas características distintivas del noviazgo cristiano / _cMaría Elfy Espinoza Arnez |
||
| 260 |
_aBuenos Aires, _c2014 |
||
| 300 |
_a46 h. ; _c30 cm. |
||
| 500 | _a"En convenio con la Asamblea Apostólica de la fe en Cristo Jesús" | ||
| 500 | _aBibliografía: h. 45-46 | ||
| 502 | _a(licenciatura)-Seminario Internacional Teológico Bautista, 2014 | ||
| 505 | _tCap. 1. Una aproximación teórica al tema del noviazgo | ||
| 505 | _tCap. 2. Características distintivas del noviazgo cristiano | ||
| 505 | _tCap. 3. El noviazgo en la AAFCJ | ||
| 650 | _aTESIS | ||
| 650 |
_aNOVIAZGO _97333 |
||
| 942 | _cBK | ||
| 999 |
_c28892 _d28892 |
||